Every AFL teams best current players 2024 - Statistics

General Stats
  • This quiz has been taken 252 times
    116 since last reset
  • The average score is 29 of 54
Answer Stats
Team Answer % Correct
Brisbane Lions Lachie Neale
95%
Carlton Blues Patrick Cripps
93%
Collingwood Magpies Nick Daicos
92%
Carlton Blues Charlie Curnow
86%
Adelaide Crows Jordan Dawson
86%
Geelong Cats Jeremy Cameron
84%
Essendon Bombers Zach Merrett
80%
Carlton Blues Sam Walsh
79%
Adelaide Crows Izak Rankine
77%
Fremantle Dockers Caleb Serong
76%
Melbourne Demons Christian Petracca
76%
Melbourne Demons Max Gawn
76%
Port Adelaide Power Zak Butters
74%
Brisbane Lions Dayne Zorko
71%
Western Bulldogs Bulldogs Marcus Bontempelli
71%
Port Adelaide Power Connor Rozee
70%
North Melbourne Kangaroos Harry Sheezel
70%
Sydney Swans Issac Heeney
70%
GWS Giants Tom Green
70%
Hawthorn Hawks Dylan Moore
68%
GWS Giants jesse Hogan
68%
Adelaide Crows Rory Laird
68%
Fremantle Dockers Andrew Brayshaw
67%
St Kilda Saints Jack Steele
66%
Melbourne Demons Clayton Oliver
64%
Gold Coast Suns Noah Anderson
62%
Hawthorn Hawks James Sicily
61%
Sydney Swans Errol Gulden
60%
Brisbane Lions Josh Dunkley
60%
Collingwood Magpies Scot Pendlebury
59%
Western Bulldogs Bulldogs Adam Treloar
56%
Port Adelaide Power Jason Horne-Francis
53%
St Kida Saints Jack Sinclair
48%
Richmond Tigers Shai Bolton
48%
Richmond Tigers Tim Taranto
47%
Geelong Cats Tom Stewart
47%
North Melbourne Kangaroos Tristan Xerri
45%
West Coast Eagles Jeremy McGovern
44%
Sydney Swans Tom Papley
41%
West Coast Eagles Jake Waterman
40%
Essendon Bombers Jye Caldwell
37%
Richmond Tigers Toby Nankervis
36%
West Coast Eagles Elliot Yeo
34%
Gold Coast Suns Sam Flanders
32%
Collingwood Magpies Jack Crisp
31%
Western Bulldogs Bulldogs Tim English
30%
Fremantle Dockers Jordan Clark
22%
Hawthorn Hawks Lloyd Meek
22%
Essendon Bombers Jayden Laverde
11%
Geelong Cats Jack Bowes
6%
GWS Giants Kieren Briggs
6%
Gold Coast Suns Ben Ainsworth
5%
St Kilda Saints Mattaes Phillipou
2%
North Melbourne Kangaroos Darcy Tucker
1%
No matching quizzes found
Score Distribution
Percent of People with Each Score
Percentile by Number Answered
Your Score History
You have not taken this quiz since the last reset